Films de Woody Allen - Antonymes - Statistiques

Statistiques générales
  • Ce quiz a été pris 162 fois
    91 depuis la dernière actualisation
  • Le résultat moyen est 7 sur 16
Statistiques - réponses
Indice Titre du film % Correct
Midi à Sydney Minuit à Paris
95%
Personne ne crie you hate me Tout le monde dit I love you
74%
Extérieurs Intérieurs
67%
La tulipe bleue de Stockholm La rose pourpre du Caire
63%
15-0 Match point
43%
Amants et maîtresses Maris et femmes
38%
Laisse les dettes et ramène toi Prends l'oseille et tire toi
33%
Le même homme Une autre femme
33%
Le cauchemar d'Apollon Le rêve de Cassandre
32%
Drame prude d'une journée d'hiver Comédie érotique d'une nuit d'été
30%
Television nights Radio days
30%
La mort et rien d'autre La vie et tout le reste
29%
Apples Bananas
22%
Soleils et clarté Ombres et brouillard
21%
Je ne reverrai jamais une laide et lumineuse célébrité Vous allez rencontrer un bel et sombre inconnu
21%
Bouquets de roses sur Hollywood Boulevard Coups de feu sur Broadway
18%
Aucun quiz correspondant
Distribution des résultats
% des personnes avec chaque résultat
Percentile par nombre de réponses
Votre historique - résultats
Vous n’avez pas pris ce quiz depuis la dernière actualisation